000 00939cam a2200241 a 4500
001 000011873
005 20200929162611.0
008 880817s1988 ck b 000 0 spa
040 _aDO-SdBNP
_bspa
_cDLC
_dBNPHU
082 _a460.07
_bM827e
100 1 _aMora Monroy, Siervo.
_928060
245 1 3 _aLa enseñanza del español en Colombia :
_blegado metodológico de Luis Florez /
_cSiervo Mora Monroy.
260 _aBogotá, (Colombia) :
_bInstituto Caro y Cuervo,
_c1988.
300 _a160 p. ;
_c21 cm.
490 1 _aPublicaciones del Instituto Caro y Cuervo.
_aMinor
_v30
504 _aBibliografía: p. 153.
650 4 _aIdioma español
_xEnseñanza
_zColombia
_928061
650 4 _aIdioma español
_xEstudio y enseñanza
_zColombia
_928062
700 1 2 _aFlórez, Luis.
_tSelecciones
_f1988.
_928063
830 0 _aPublicaciones del Instituto Caro y Cuervo ;
_v30
_pMinor
_921930
910 _aCatalogación por copia / LC
049 _aBNGR
999 _c11545
_d11545